Т. 2; Полное собрание сочинений; Тартюф, или обманщик; Дон Жуан, или Каменный гость; Любовь-целительница; Мизантроп; Лекарь поневоле; Мелисерта; Комическая пастораль; Сицилиец, или амур-живописец; Амфитрион
| Parent link: | Полное собрание сочинений: в 3 т./ Мольер; пер. под ред. Н. М. Любимова ; худож. М. А. Аникст ; комментарии Г. Н. Бояджиева. Т. 2.— , 1985- |
|---|---|
| Мова: | Російська |
| Опубліковано: |
1986
|
| TOC: | Тартюф, или обманщик; Дон Жуан, или Каменный гость; Любовь-целительница; Мизантроп; Лекарь поневоле; Мелисерта; Комическая пастораль; Сицилиец, или амур-живописец; Амфитрион; |
| Предмети: | |
| Формат: | Книга |
| KOHA link: | https://koha.lib.tpu.ru/cgi-bin/koha/opac-detail.pl?biblionumber=161191 |
MARC
| LEADER | 00000nam2a2200000 4500 | ||
|---|---|---|---|
| 001 | 161191 | ||
| 005 | 20231031155830.0 | ||
| 035 | |a (RuTPU)RU\TPU\book\174803 | ||
| 035 | |a RU\TPU\book\174799 | ||
| 090 | |a 161191 | ||
| 100 | |a 20090604g1985 m y0rusy50 ca | ||
| 101 | 1 | |a rus |c fre | |
| 102 | |a RU | ||
| 105 | |a a z 001ay | ||
| 200 | 0 | |a Т. 2 | |
| 210 | |d 1986 | ||
| 215 | |a 461 с. |c ил. | ||
| 320 | |a Комментарии: с. 448-459 | ||
| 320 | |a Список иллюстраций: с. 460 | ||
| 461 | 1 | |0 (RuTPU)RU\TPU\book\174795 |t Полное собрание сочинений |o в 3 т. |o пер. с фр. |f Мольер |g пер. под ред. Н. М. Любимова ; худож. М. А. Аникст ; комментарии Г. Н. Бояджиева |v Т. 2 |d 1985- | |
| 464 | |t Тартюф, или обманщик | ||
| 464 | |t Дон Жуан, или Каменный гость | ||
| 464 | |t Любовь-целительница | ||
| 464 | |t Мизантроп | ||
| 464 | |t Лекарь поневоле | ||
| 464 | |t Мелисерта | ||
| 464 | |t Комическая пастораль | ||
| 464 | |t Сицилиец, или амур-живописец | ||
| 464 | |t Амфитрион |o комедии | ||
| 610 | 1 | |a французская литература | |
| 610 | 1 | |a драма | |
| 675 | |a 84 |v 3 |z rus | ||
| 801 | 1 | |a RU |b 63413507 |c 20070417 |g PSBO | |
| 801 | 2 | |a RU |b 63413507 |c 20090604 |g PSBO | |
| 942 | |c BK | ||